International symposium on brassicas: Ninth crucifer genetics workshop
Gespeichert in:
| Format: | Buch |
|---|---|
| Sprache: | Undetermined |
| Veröffentlicht: |
Leuven (Belgium)
ISHS
1996
|
| Schlagworte: | |
| Tags: |
Tag hinzufügen
Keine Tags, Fügen Sie den ersten Tag hinzu!
|
| Thư viện lưu trữ: | Trung tâm Học liệu Trường Đại học Cần Thơ |
|---|
| LEADER | 00475nam a2200169Ia 4500 | ||
|---|---|---|---|
| 001 | CTU_168073 | ||
| 008 | 210402s9999 xx 000 0 und d | ||
| 082 | |a 635.34 | ||
| 082 | |b I.61 | ||
| 245 | 0 | |a International symposium on brassicas: | |
| 245 | 0 | |b Ninth crucifer genetics workshop | |
| 260 | |a Leuven (Belgium) | ||
| 260 | |b ISHS | ||
| 260 | |c 1996 | ||
| 650 | |a Brassicas,Cây họ cải | ||
| 910 | |a Nguyên | ||
| 980 | |a Trung tâm Học liệu Trường Đại học Cần Thơ | ||